Plant dormancy: physiology, biochemistry and molecular biology

Uloženo v:
Podrobná bibliografie
Hlavní autor: Lang, G. A (Autor)
Médium: Kniha
Jazyk:angličtina
Vydáno: Nueva York CAB International 1996
Témata:
Tagy: Přidat tag
Žádné tagy, Buďte první, kdo vytvoří štítek k tomuto záznamu!

MARC

LEADER 00000nam a2200000 a 4500
001 UCN8822
003 CL-VaPUC
005 20240812104150.0
008 011123e19960000us 1 eng d
999 |c 383726  |d 383724 
020 |a 0851989780 
040 |c Pontificia Universidad Católica de Valparaíso 
082 0 4 |a 571.782  |b LAN  |2 21 
100 1 |a Lang, G. A  |e author  |9 620031 
245 1 0 |a Plant dormancy: physiology, biochemistry and molecular biology 
260 |a Nueva York  |b CAB International  |c 1996 
300 |a 386 p 
518 |p International Symposium on Plant Dormancy, 1, Oregon 
546 |a En Inglés 
583 |a last modification  |c 20011123 00:00:00  |k Rodrigo Vera 
650 0 7 |a Dormancia vegetal  |x Plantas  |x Semillas   |2 CL-VaPUC  |9 320394 
650 0 7 |a Dormancia vegetal  |9 260158  |x Fisiología vegetal  
650 0 7 |a Dormancia vegetal   |x Bioquímica  |9 890651 
942 |c BK  |2 ddc 
945 |a vberengu  |d 20011123 00:00:00 
952 |0 0  |1 0  |4 0  |6 571_782000000000000_LAN_1996  |7 0  |8 A  |9 505964  |a BIBAGR  |b BIBAGR  |d 2020-01-23  |i 3871975  |o 571.782 LAN 1996  |p 3871975  |r 2025-01-20  |w 2020-01-23  |y BK  |k AGR 
952 |0 0  |1 0  |4 0  |6 571_782000000000000_LAN_1996  |7 0  |8 A  |9 505965  |a BIBAGR  |b BIBAGR  |d 2020-01-23  |i 4261313  |o 571.782 LAN 1996  |p 4261313  |r 2025-01-20  |w 2020-01-23  |y BK  |k AGR